00910nam a2200253 a 4500003000900000005001700009008004100026040001300067245009700080260004700177300001100224500008500235650001500320650003100335650002400366650002100390653002700411653003300438700003500471700003200506700003800538700004200576700003800618AR-BaBNM20251128203242.0082120s2002 ||||||||||||||000 | spa|| cAR-BaBNM00aSugerencias didácticas para lengua y literatura y propuestas de trabajo interdisciplinario aPosadasbFondo Editorial Educativoc[1992] a156 p. aEs un material para ser aplicada en 1ero, 2do y 3er año de lengua y literatura 4aANTOLOGIAS 4aACTIVIDADES DE APRENDIZAJE 4aTECNICAS DIDACTICAS 4aGUIA DEL DOCENTE aENSENANZA DE LA LENGUA aENSEÑANZA DE LA LITERATURA1 aBertoni de Lang, Graciela Rosa1 aMárquez, Hilda Jacqueline1 aEspinosa de Grabe, María Teresa1 aMartínez de Russo, Mercedes Beatriz1 aHerheluk de Monzón, Carmen Elba